000 00657nam a2200205Ia 4500
005 20250508165922.0
008 008 250505s9999 xx 000 0 eng d
020 _a978-4024-77-5
037 _aTextBook
040 _aFEDL
_beng
_cFEDL
041 _aeng
_2eng
084 _a370.15, GAR/R
_qFEDL
100 _aGardner Howard
245 0 _aUnschooled mind: How hildren think and how schools schould teach
260 _aNew York, USA
_bBasic Books
_c2011
300 _axxx, 322p.
546 _aPhotocopy and gifted by H.O.D. Namita Ranganathan in memory of Prof. Arvind Gaysu
942 _cTB
_h370.15, GAR/R
999 _c1398181
_d1398181